| 000 | 00401nam a2200157Ia 4500 | ||
|---|---|---|---|
| 008 | 230711s9999||||xx |||||||||||||| ||und|| | ||
| 041 | _aENG | ||
| 082 |
_a621 _bGU-E |
||
| 100 | _aGupta,Vijay | ||
| 245 | 0 | _aElements of heat and mass transfer | |
| 250 | _a1st . Ed. | ||
| 260 |
_c2007 _aNew Delhi _bNew Age International Publishers |
||
| 300 | _a462 | ||
| 650 | _aMechanical Engineering | ||
| 942 | _cBK | ||
| 999 |
_c4902 _d4902 |
||